000
00230nam a2200097Ia 4500
005
20251222114405.0
008
251222s1900||||xx |||||||||||||| ||spa||
082
_a
DVD0193/B83/1991
245
0
_a
Métodos anticonceptivos:
942
_c
DVD
999
_c
1793
_d
1793